Ils ont été éliminés au premier tour - élections législatives 2024 - Statistiques

Statistiques générales
  • Ce quiz a été pris 78 fois
  • Le résultat moyen est 10 sur 16
Statistiques - réponses
Par images Hint Réponse % Correct
NFP (PCF) - Nord Fabien Roussel
97%
Lutte Ouvrière - Seine Saint Denis Nathalie Arthaud
91%
UPR - Français de l'Etranger François Asselineau
88%
France Libre - Guadeloupe Francis Lalanne
87%
Reconquête - Hauts de Seine Jean Messiha
78%
NFP (PCF) - Somme Léon Deffontaines
64%
Divers Droite - Ain Damien Abad
63%
S&P - Français de l'Etranger Jacques Cheminade
61%
Ensemble (Renaissance) - Paris Clément Beaune
60%
Divers Gauche - Lot et Garonne Jérôme Cahuzac
57%
UDI - Paris Pierre Louis Giscard D'Estaing
46%
Révolution Permanante - Seine Saint Denis Anasse Kazib
42%
France Libre - Guadeloupe Dieudonné Mbala Mbala
40%
EAC - Bas Rhin Jean-Marc Governatori
37%
MEI - Haut Rhin Antoine Waechter
22%
NPA - Val de Marne Selma Labib
19%
Aucun quiz correspondant
Distribution des résultats
% des personnes avec chaque résultat
Percentile par nombre de réponses
Votre historique - résultats
Vous n’avez pas pris ce quiz